banner-ar

الحب الاول او قيصر وكليوبطرا مصر فى قيصرية الاسكندر المقدونى : (Record no. 65740)

MARC details
000 -الفاتح
حقل البيانات ثابتة الطول 01115nam a22002537a 4500
005 - وقت وتاريخ اخر تعامل مع التسجيلة
رقم الضبط 20240530110841.0
008 - عناصر البيانات ثابتة الطول - معلومات عامة
حقل البيانات ثابتة الطول 200912s2020 ua a g b 000 0dara d
017 ## - رقم الايداع القانونى
رقم الايداع القانونى 2019/22451
المصدر ( الهيئة المختصة) مصر. دار الكتب
020 ## - الرقم الدولى المعيارى للكتب
الرقم الدولى المعيارى للكتاب 9789773224219
040 ## - مصدر الفهرسة
وكالة الفهرسة الأصلية EG-CaGPL
وكالة النسخ EG-CaGPL
082 04 - رقم تصنيف ديوى العشرى
رقم الطبعة 21
رقم التصنيف 813.081
رقم المادة /ق/إ ح
100 0# - المدخل الرئيسى - إسم شخصى
الإسم الشخصى اسماعيل مظهر
245 02 - بيان العنوان
العنوان الحب الاول او قيصر وكليوبطرا مصر فى قيصرية الاسكندر المقدونى :
بقية العنوان روايات تاريخية /
بيان المسئوليه,etc تاليف اسماعيل مظهر ؛ تقديم احمد الهوارى ؛ تحرير اسماعيل جلال مظهر
250 ## - بيان الطبعة
بيان الطبعة ط.1
260 ## - PUBLICATION, DISTRIBUTION, ETC. (IMPRINT)
تاريخ النشر أو التوزيع 2020
300 ## - الوصف المادى
التعداد 103 ص. ؛
أبعاد الوعاء 24 سم.
650 07 - المدخل الاضافى بالموضوع-مصطلح موضوعى
مصدر الرأس أو المصطلح qrmak
مصطلح موضوعي القصص العربية
650 07 - المدخل الاضافى بالموضوع-مصطلح موضوعى
مصطلح موضوعي القصص التاريخية
مصدر الرأس أو المصطلح qrmak
651 ## - المدخل الاضافى بالموضوع - اسم جغرافى
مصدر الرأس أو المصطلح qrmak
700 0# - المدخل الاضافى - اسم شخصى
الإسم الشخصى احمد الهوارى
الدور مقدم
700 0# - المدخل الاضافى - اسم شخصى
الإسم الشخصى اسماعيل جلال مظهر
الدور محرر
942 ## - عناصر المدخل الإضافي( كوها)
مصدر التصنيف او مخطط الترفيف Dewey Decimal Classification
Koha [default] item type كتاب
260 ## - PUBLICATION, DISTRIBUTION, ETC. (IMPRINT)
-- القاهرة :
-- عين للدراسات و البحوث الانسانية و الاجتماعية،
Holdings
حالة التراجع حالة الفقد حالة تلف ليس للاعارة المكان المؤقت الموقع الحالى موقع الترفيف تاريخ الاكتساب اجمالي اﻻعارات رقم الطلب الباركود تاريخ اخر مشاهدة تاريخ تفعيل السعر نوع وعاء كوها
        مكتبة القاهرة الكبرى مكتبة القاهرة الكبرى القاعة الرئيسية 09/12/2020   813.081 /ق/ إ ح 166861 09/12/2020 09/12/2020 كتاب

Powered By

EGPV